[Event "40th Olympiad Open"]
[Site "Istanbul TUR"]
[Date "2012.08.31"]
[Round "4.40"]
[Board "2"]
[White "Karttunen, Mika"]
[Black "Lim, Yee-Weng"]
[Result "1-0"]
[WhiteTitle "IM"]
[BlackTitle "IM"]
[WhiteElo "2448"]
[BlackElo "2287"]
[WhiteTeam "Finland"]
[BlackTeam "Malaysia"]
[WhiteFideId "502081"]
[BlackFideId "5700590"]
[EventDate "2012.08.28"]

1. e4 c5 2. Nf3 g6 3. Nc3 Bg7 4. g3 Nc6 5. Bg2 d6 6. O-O e5 7. d3 Nge7 8. Nd2
O-O 9. Nc4 Rb8 10. a4 Be6 11. Nd5 b6 12. f4 Bxd5 13. exd5 Nb4 14. fxe5 dxe5 15.
d6 Nf5 16. c3 Na6 17. Rxf5 gxf5 18. Bh3 Qf6 19. Qf1 Rfd8 20. Bxf5 Rxd6 21. Nxd6
Qxd6 22. Be4 Nc7 23. Qf5 h6 24. Be3 Qe6 25. Qh7+ Kf8 26. d4 exd4 27. Bf4 Re8 28.
Rf1 Re7 29. Bf3 Ne8 30. cxd4 cxd4 31. Bd2 Nf6 32. Qd3 Nd5 33. Bxd5 Qxd5 34. Bb4
Qe5 35. Bxe7+ Qxe7 36. Qf5 Kg8 37. Kg2 Qb7+ 38. Rf3 Qe7 39. b3 Qb7 40. b4 Qe7
41. b5 Qb7 42. Qc2 Qe7 43. Rf2 Qe3 44. Qc8+ Bf8 45. Qg4+ Bg7 46. Re2 Qd3 47.
Re8+ Kh7 48. Qe4+ Qxe4+ 49. Rxe4 Bf6 50. Kf3 Kg6 51. Re8 1-0

[Event "40th Olympiad Open"]
[Site "Istanbul TUR"]
[Date "2012.08.31"]
[Round "4.40"]
[Board "3"]
[White "Yeoh, Li Tian"]
[Black "Sipila, Vilka"]
[Result "0-1"]
[BlackTitle "FM"]
[WhiteElo "2258"]
[BlackElo "2431"]
[WhiteTeam "Malaysia"]
[BlackTeam "Finland"]
[WhiteFideId "5702895"]
[BlackFideId "505455"]
[EventDate "2012.08.28"]

1. e4 e5 2. Nf3 Nc6 3. d4 exd4 4. Nxd4 Bc5 5. Nxc6 Qf6 6. Qf3 dxc6 7. Nc3 Be6 8.
Be3 Bb4 9. Bd2 Qg6 10. Bd3 Ne7 11. a3 Bc5 12. O-O O-O-O 13. Be3 Bxe3 14. Qxe3
Kb8 15. b4 f5 16. b5 fxe4 17. Bxe4 Bf5 18. Rfe1 Rhe8 19. Qf3 Bxe4 20. Rxe4 Rf8
21. Qe3 Nf5 22. Qc5 Nd6 23. Re2 Rf5 24. Qd4 cxb5 25. a4 bxa4 26. Qxa4 a6 27. Rd1
Rc5 28. Qb4 b6 29. h3 Qg5 30. Red2 Qe5 31. Nd5 Qe4 32. Rd4 Qe8 33. Ne3 Qc6 34.
Nc4 a5 35. Qb3 Kb7 36. Nxd6+ cxd6 37. Qg3 Qc7 38. c4 d5 39. Qf3 Rxc4 40. Rxd5
Rxd5 41. Qxd5+ Ka7 42. Qg5 Rc5 43. Qe3 Re5 44. Qd4 Re7 45. g3 h6 46. h4 Qc6 47.
Kh2 Rf7 48. Ra1 Ka6 49. Rb1 b5 50. Kg1 Qb6 51. Qd2 b4 52. Qe2+ Ka7 53. Rb2 Rc7
54. Qd1 Qc6 55. Kh2 g5 56. Ra2 Qb6 57. Qd5 Rc5 58. Qd7+ Ka6 59. Qd3+ Qb5 60.
Qd6+ Qc6 61. Qd3+ Kb7 62. hxg5 hxg5 63. Re2 Rc1 64. Re7+ Kb6 65. Qe3+ Kb5 66.
Qe2+ Qc4 67. Re5+ Ka4 68. Qd2 Qc2 69. Qxg5 Qh7+ 70. Qh4 Qxh4+ 71. gxh4 b3 72.
Re4+ Ka3 73. Re3 Rc5 74. Kg3 Ka2 0-1

[Event "40th Olympiad Open"]
[Site "Istanbul TUR"]
[Date "2012.08.31"]
[Round "4.41"]
[Board "2"]
[White "Bomo, Kigigha"]
[Black "Simonet, Marc"]
[Result "1-0"]
[WhiteTitle "CM"]
[BlackTitle "FM"]
[WhiteElo "2046"]
[BlackElo "2291"]
[WhiteTeam "Nigeria"]
[BlackTeam "Andorra"]
[WhiteFideId "8500037"]
[BlackFideId "6900127"]
[EventDate "2012.08.28"]

1. c4 e5 2. g3 Nf6 3. Bg2 c6 4. Nc3 d5 5. cxd5 cxd5 6. Nf3 d4 7. Nb1 e4 8. Ng5
Qd5 9. d3 Bb4+ 10. Kf1 O-O 11. a3 Ba5 12. dxe4 Qb5 13. b4 Bb6 14. Qd3 Qa4 15. e5
Bf5 16. Qd2 Ng4 17. Bxb7 Nd7 18. Bxa8 Rxa8 19. Qf4 Qc6 20. f3 h6 21. Kg2 Ne3+
22. Bxe3 Bxb1 23. Qxf7+ Kh8 24. Ne6 Rg8 25. Raxb1 dxe3 26. Nf4 Nxe5 27. Qd5 1-0

[Event "40th Olympiad Open"]
[Site "Istanbul TUR"]
[Date "2012.08.31"]
[Round "4.42"]
[Board "1"]
[White "Del Castilho, Martyn"]
[Black "Cuartas, Jaime Alexander"]
[Result "0-1"]
[WhiteTitle "FM"]
[BlackTitle "GM"]
[WhiteElo "2260"]
[BlackElo "2521"]
[WhiteTeam "Barbados"]
[BlackTeam "Colombia"]
[WhiteFideId "11100400"]
[BlackFideId "4401190"]
[EventDate "2012.08.28"]

1. e4 c6 2. d4 d5 3. e5 c5 4. dxc5 Nc6 5. Nf3 Bg4 6. Bb5 e6 7. Be3 Qc7 8. Bd4
Ne7 9. O-O a6 10. Ba4 g6 11. Re1 Bg7 12. h3 Bxf3 13. Qxf3 Qa5 14. Bxc6+ Nxc6 15.
Qc3 Qa4 16. Rd1 Rc8 17. f4 Nxd4 18. Rxd4 Qc6 19. Nd2 O-O 20. Nf3 Rfd8 21. Qa5
Qxc5 22. Qxc5 Rxc5 23. c3 Bf8 24. Rd2 Rc4 25. Nd4 b5 26. a3 Rb8 27. Kf1 a5 28.
Ke2 b4 29. axb4 axb4 30. Kd3 Bc5 31. Nc6 Rc8 32. cxb4 Bxb4 33. Nxb4 Rxb4 34. Ke3
g5 35. g3 Rb3+ 36. Rd3 gxf4+ 37. gxf4 Rxb2 38. f5 Rb4 39. fxe6 Re4+ 40. Kd2 fxe6
41. Rg3+ Kh8 42. Rg5 Rd4+ 43. Ke2 Rh4 44. Ra6 Re8 45. Rg3 Re4+ 46. Re3 Rxe3+ 47.
Kxe3 Kg7 48. Kd4 Kg6 49. Kc5 Kf5 50. Kd6 d4 51. Ra1 Rd8+ 52. Ke7 Rd5 53. Rf1+
Kxe5 54. Re1+ Kf4 55. Kxe6 Rh5 0-1

[Event "40th Olympiad Open"]
[Site "Istanbul TUR"]
[Date "2012.08.31"]
[Round "4.42"]
[Board "2"]
[White "Zapata, Alonso"]
[Black "Denny, Kevin"]
[Result "1-0"]
[WhiteTitle "GM"]
[BlackTitle "IM"]
[WhiteElo "2481"]
[BlackElo "2304"]
[WhiteTeam "Colombia"]
[BlackTeam "Barbados"]
[WhiteFideId "4400011"]
[BlackFideId "11100028"]
[EventDate "2012.08.28"]

1. e4 e5 2. Nf3 Nc6 3. Bb5 a6 4. Ba4 Nf6 5. O-O Bc5 6. c3 O-O 7. d4 Ba7 8. Bg5
h6 9. Bh4 d6 10. Qd3 g5 11. Bg3 Nh5 12. Bxc6 bxc6 13. dxe5 dxe5 14. Qxd8 Rxd8
15. Nxe5 Bb7 16. Nc4 c5 17. f3 Nxg3 18. hxg3 g4 19. Nba3 Re8 20. Rad1 Bc6 21.
Rd2 Rad8 22. Rxd8 Rxd8 23. Kf2 Re8 24. Nc2 Bb5 25. N2e3 Kg7 26. Rh1 Kg6 27. e5
h5 28. Rh4 f5 29. exf6 Rf8 30. Ne5+ Kxf6 31. Rxh5 gxf3 32. c4 Be8 33. Rf5+ Kg7
34. Rxf8 Kxf8 35. gxf3 Bb6 36. Nd5 Ba5 37. Ke2 Kg7 38. f4 c6 39. Ne3 Kf6 40. Kf3
Bc7 41. Ke4 Ke6 42. g4 Bxe5 43. fxe5 Bg6+ 44. Nf5 Bh7 45. Kf4 Bg6 46. b3 Bh7 47.
Ng3 1-0

[Event "40th Olympiad Open"]
[Site "Istanbul TUR"]
[Date "2012.08.31"]
[Round "4.42"]
[Board "4"]
[White "Barrientos, Sergio E"]
[Black "Warner, Delisle"]
[Result "1-0"]
[WhiteTitle "GM"]
[BlackTitle "FM"]
[WhiteElo "2500"]
[BlackElo "2204"]
[WhiteTeam "Colombia"]
[BlackTeam "Barbados"]
[WhiteFideId "4401824"]
[BlackFideId "11100109"]
[EventDate "2012.08.28"]

1. e4 e6 2. d4 d5 3. Nc3 Bb4 4. e5 c5 5. a3 Bxc3+ 6. bxc3 Qc7 7. Qg4 f5 8. Qg3
cxd4 9. cxd4 Ne7 10. Bd2 O-O 11. Bd3 b6 12. Ne2 Ba6 13. Nf4 Qd7 14. h4 Bxd3 15.
cxd3 Nbc6 16. Be3 Rfc8 17. h5 h6 18. Qh4 Nd8 19. Rh3 Rc2 20. Rg3 Kf8 21. Kf1
Rac8 22. Kg1 Rb2 23. a4 Rcc2 24. Kh2 Ra2 25. Rxa2 Rxa2 26. Ng6+ Nxg6 27. hxg6
Kg8 28. Bg5 Nc6 29. Bxh6 gxh6 30. g7 Nd8 31. Qxh6 Nf7 32. Qh7+ 1-0

[Event "40th Olympiad Open"]
[Site "Istanbul TUR"]
[Date "2012.08.31"]
[Round "4.43"]
[Board "1"]
[White "Ragger, Markus"]
[Black "Gajadin, Dewperkash"]
[Result "1/2-1/2"]
[WhiteTitle "GM"]
[BlackTitle "FM"]
[WhiteElo "2670"]
[BlackElo "2185"]
[WhiteTeam "Austria"]
[BlackTeam "Suriname"]
[WhiteFideId "1610856"]
[BlackFideId "8200041"]
[EventDate "2012.08.28"]

1. Nf3 Nf6 2. c4 c5 3. Nc3 Nc6 4. g3 g6 5. Bg2 Bg7 6. d4 cxd4 7. Nxd4 Qb6 8. Nc2
d6 9. O-O O-O 10. b3 Be6 11. e4 Rac8 12. Nd5 Qd8 13. Bg5 Qd7 14. Nxf6+ exf6 15.
Be3 Bh3 16. Rc1 Ne5 17. Nd4 a6 18. Qd2 Rfe8 19. f3 h5 20. a4 Kh7 21. Rcd1 Bf8
22. Bxh3 Qxh3 23. Ne2 Qd7 24. Nc3 Qh3 25. Nd5 Qe6 26. Rde1 f5 27. Bd4 Bg7 28. f4
Ng4 29. Bxg7 Kxg7 30. e5 dxe5 31. h3 Nh6 32. Rxe5 Qd6 33. Rfe1 Rxe5 34. Rxe5 h4
35. gxh4 Ng8 36. h5 Nf6 37. Qb2 Kh6 38. Qg2 Nxd5 39. Qg5+ Kg7 40. Rxd5 Qb6+ 41.
Kg2 Qxb3 42. Rd7 Qc2+ 43. Kg3 Qc3+ 44. Kh2 Qc2+ 45. Kg1 Qc1+ 46. Kf2 Qc2+ 47.
Kg3 Qc3+ 48. Kg2 Qc2+ 49. Kg3 1/2-1/2

[Event "40th Olympiad Open"]
[Site "Istanbul TUR"]
[Date "2012.08.31"]
[Round "4.43"]
[Board "3"]
[White "Shengelia, David"]
[Black "Matoewi, Roger"]
[Result "1-0"]
[WhiteTitle "GM"]
[BlackTitle "CM"]
[WhiteElo "2545"]
[BlackElo "2089"]
[WhiteTeam "Austria"]
[BlackTeam "Suriname"]
[WhiteFideId "13601270"]
[BlackFideId "8200084"]
[EventDate "2012.08.28"]

1. d4 Nf6 2. g3 g6 3. Bg2 Bg7 4. e4 d6 5. Ne2 O-O 6. Nbc3 Nbd7 7. h3 a6 8. Be3
c5 9. dxc5 Nxc5 10. e5 Nfd7 11. exd6 Re8 12. dxe7 Qxe7 13. O-O Nf6 14. Nf4 Be6
15. Bxc5 Qxc5 16. Bxb7 Rad8 17. Nxe6 fxe6 18. Qe2 Qb6 19. Bxa6 Qxb2 20. Na4 Qa3
21. Bb5 Re7 22. c4 Nh5 23. Rad1 Bd4 24. Kh2 e5 25. Rd3 Qd6 26. Nc3 Nf6 27. Ne4
Nxe4 28. Qxe4 Kg7 29. Rf3 Ra7 30. a4 Rf8 31. Rxf8 Qxf8 32. f3 Qc5 33. h4 Rf7 34.
a5 Qb4 35. a6 Qc5 36. Kg2 Qc7 37. f4 Qc5 38. f5 Qa3 39. f6+ Kh8 40. Qd5 Qf8 41.
Qe6 e4 42. Qxe4 Bxf6 43. Qe8 Kg7 44. Qxf8+ Rxf8 45. c5 Ra8 46. c6 Bd8 47. Bc4
Ra7 48. Rf7+ Rxf7 49. Bxf7 Bb6 50. Ba2 1-0

[Event "40th Olympiad Open"]
[Site "Istanbul TUR"]
[Date "2012.08.31"]
[Round "4.43"]
[Board "4"]
[White "Tjong Tjin Joe, Calvin"]
[Black "Neubauer, Martin"]
[Result "0-1"]
[BlackTitle "IM"]
[WhiteElo "1981"]
[BlackElo "2442"]
[WhiteTeam "Suriname"]
[BlackTeam "Austria"]
[WhiteFideId "8200580"]
[BlackFideId "1602675"]
[EventDate "2012.08.28"]

1. d4 Nf6 2. c4 c5 3. d5 e6 4. Nc3 exd5 5. cxd5 d6 6. Nf3 g6 7. Bg5 h6 8. Bh4 a6
9. a4 g5 10. Bg3 Nh5 11. e3 Bg7 12. Bd3 Nxg3 13. hxg3 Nd7 14. Qc2 Rb8 15. O-O
O-O 16. Rfc1 Nb6 17. Bh7+ Kh8 18. Bf5 Bxf5 19. Qxf5 Qc8 20. Qc2 f5 21. Rab1 Rf7
22. a5 Nc4 23. Na4 Nxa5 24. b4 b5 25. bxa5 bxa4 26. Qxa4 Rfb7 27. Nd2 Rxb1 28.
Rxb1 Rxb1+ 29. Nxb1 Qb7 30. Qd1 c4 31. Kh2 Qb3 32. Qxb3 cxb3 33. f4 Bf6 34. Kg1
Bd8 35. Kf2 g4 36. e4 Bxa5 37. e5 Bb4 38. e6 Kg7 39. Ke2 a5 40. Kd3 Be1 41. Kc4
b2 42. Kb5 Kf6 0-1

[Event "40th Olympiad Open"]
[Site "Istanbul TUR"]
[Date "2012.08.31"]
[Round "4.45"]
[Board "1"]
[White "Van Wely, Loek"]
[Black "Edirisinghe, Dulan"]
[Result "1-0"]
[WhiteTitle "GM"]
[WhiteElo "2691"]
[BlackElo "2046"]
[WhiteTeam "Netherlands"]
[BlackTeam "Sri Lanka"]
[WhiteFideId "1000268"]
[BlackFideId "9900446"]
[EventDate "2012.08.28"]

1. d4 Nf6 2. c4 g6 3. Nf3 Bg7 4. g3 O-O 5. Bg2 d6 6. O-O Nc6 7. Nc3 e5 8. d5 Ne7
9. e4 c5 10. Ne1 Nd7 11. Nd3 a6 12. a4 f5 13. f4 exf4 14. Bxf4 Ne5 15. Nxe5 dxe5
16. Be3 Qd6 17. Qd2 Bd7 18. a5 Rac8 19. Rab1 Kh8 20. Ne2 fxe4 21. Nc3 Bf5 22. g4
Bxg4 23. Nxe4 Qb8 24. Bxc5 Rxf1+ 25. Rxf1 Nf5 26. b4 Nd4 27. Nd6 Ne2+ 28. Kh1
Nf4 29. Nxc8 Qxc8 30. Rxf4 exf4 31. Qxf4 h5 32. Qf7 Qd8 33. Qxg6 1-0

[Event "40th Olympiad Open"]
[Site "Istanbul TUR"]
[Date "2012.08.31"]
[Round "4.45"]
[Board "2"]
[White "Perera, W C C"]
[Black "Sokolov, Ivan"]
[Result "0-1"]
[BlackTitle "GM"]
[WhiteElo "2110"]
[BlackElo "2696"]
[WhiteTeam "Sri Lanka"]
[BlackTeam "Netherlands"]
[WhiteFideId "9902600"]
[BlackFideId "14400030"]
[EventDate "2012.08.28"]

1. d4 d5 2. c4 e6 3. Nc3 Bb4 4. a3 Bxc3+ 5. bxc3 c5 6. e3 Qc7 7. Bd2 Nf6 8. cxd5
exd5 9. Bd3 Bg4 10. Ne2 Nc6 11. f3 Bh5 12. O-O Bg6 13. Be1 O-O 14. Nf4 Bxd3 15.
Qxd3 h6 16. Bg3 Qe7 17. Rfe1 Rad8 18. Rab1 Rd7 19. a4 Re8 20. Qb5 c4 21. Qb2 g5
22. Nh3 Qe6 23. Qc2 Nh5 24. e4 Qg6 25. Nf2 Rde7 26. Qd2 Na5 27. Rb5 Nb3 28. Qd1
dxe4 29. fxe4 a6 30. Rd5 Re6 31. Be5 f6 32. Bg3 f5 33. Be5 fxe4 34. Nxe4 Nf4 35.
Rd7 Nd3 36. Ng3 Rxe5 37. Rxe5 Rxe5 38. dxe5 Qb6+ 0-1

[Event "40th Olympiad Open"]
[Site "Istanbul TUR"]
[Date "2012.08.31"]
[Round "4.45"]
[Board "3"]
[White "Smeets, Jan"]
[Black "Alahakoon, Isuru"]
[Result "1-0"]
[WhiteTitle "GM"]
[WhiteElo "2608"]
[BlackElo "2060"]
[WhiteTeam "Netherlands"]
[BlackTeam "Sri Lanka"]
[WhiteFideId "1007246"]
[BlackFideId "9900993"]
[EventDate "2012.08.28"]

1. e4 c5 2. Nf3 d6 3. d4 cxd4 4. Nxd4 Nf6 5. Nc3 g6 6. Be3 Bg7 7. f3 a6 8. Qd2
Nbd7 9. g4 b5 10. h4 h5 11. g5 Nh7 12. O-O-O Bb7 13. Nb3 O-O 14. Bd4 Ne5 15. Qf2
b4 16. Nd5 a5 17. Nd2 Rc8 18. Kb1 e6 19. Nb6 Rc6 20. Ndc4 Nxc4 21. Nxc4 Qc7 22.
Bb6 Qb8 23. Nxa5 Rcc8 24. Nxb7 Qxb7 25. Rxd6 Be5 26. Rd3 Ra8 27. Rb3 Qd7 28. Bc4
Rfc8 29. Rd3 Qc6 30. Bb3 Ra6 31. Bd4 Bd6 32. Rhd1 Rca8 33. Be3 Bc7 34. c3 bxc3
35. Rxc3 Qb7 36. Rd7 Rc6 37. Qc2 Raa6 38. Bf4 Rxc3 39. Qxc3 Rc6 40. Rxc7 Rxc3
41. Rxb7 Rxf3 42. Be5 Kf8 43. a4 Re3 44. a5 Rxe4 45. Bf6 Nxf6 46. gxf6 Ke8 47.
a6 Re1+ 48. Ka2 Re5 49. Ba4+ Kd8 50. a7 Ra5 51. Ka3 Kc8 52. Rxf7 e5 1-0

[Event "40th Olympiad Open"]
[Site "Istanbul TUR"]
[Date "2012.08.31"]
[Round "4.45"]
[Board "4"]
[White "Jayasundara, P K U M"]
[Black "Stellwagen, Daniel"]
[Result "0-1"]
[BlackTitle "GM"]
[WhiteElo "2027"]
[BlackElo "2630"]
[WhiteTeam "Sri Lanka"]
[BlackTeam "Netherlands"]
[WhiteFideId "9900578"]
[BlackFideId "1006673"]
[EventDate "2012.08.28"]

1. e4 c5 2. Nf3 e6 3. d4 cxd4 4. Nxd4 a6 5. Be2 Qc7 6. O-O Nf6 7. Nc3 Nc6 8. a3
Be7 9. Be3 O-O 10. f4 d6 11. Kh1 Re8 12. Qe1 e5 13. fxe5 dxe5 14. Qg3 Nxd4 15.
Bxd4 Bd8 16. Be3 Be6 17. Bh6 g6 18. Rad1 Be7 19. Bg5 Nd7 20. Bxe7 Rxe7 21. Bg4
Rf8 22. Bxe6 fxe6 23. Qd3 Ref7 24. Rxf7 Rxf7 25. h3 Qb6 26. b3 Qc6 27. Kh2 Kg7
28. Rd2 Nf6 29. Qg3 Qc7 30. Qe3 Qa5 31. Rd3 Qxa3 32. Qb6 Qc1 33. Rf3 Nh5 34.
Rxf7+ Kxf7 35. Qxb7+ Kf6 36. Qc6 Qf4+ 37. Kg1 Qe3+ 38. Kh2 Kg5 39. Qc7 Qg3+ 40.
Kh1 Nf4 41. Qd8+ Kh6 42. Qd2 Qg5 43. Qf2 Qd8 44. Qe3 g5 45. Kg1 Kg6 46. Kf2 h5
47. Ne2 Qd1 48. c4 Nd3+ 49. Kg3 Qxb3 50. h4 Nc5 51. Qxb3 Nxb3 52. Nc3 Nc5 53.
hxg5 Kxg5 54. Kf3 a5 55. Nb5 a4 56. g3 Kf6 57. Ke3 Ke7 58. Nc3 a3 59. Na2 Kd6
60. Nc3 Kc6 61. Kf3 Kb6 62. Ke3 Ka5 63. Na2 Ka4 64. Nc1 Kb4 65. Na2+ Kxc4 66.
Nc1 Kc3 67. Na2+ Kb2 68. Nb4 Kb3 0-1

[Event "40th Olympiad Open"]
[Site "Istanbul TUR"]
[Date "2012.08.31"]
[Round "4.46"]
[Board "1"]
[White "Zhang, Zhong"]
[Black "Baules, Jorge"]
[Result "1-0"]
[WhiteTitle "GM"]
[BlackTitle "IM"]
[WhiteElo "2595"]
[BlackElo "2352"]
[WhiteTeam "Singapore"]
[BlackTeam "Panama"]
[WhiteFideId "8600694"]
[BlackFideId "6600247"]
[EventDate "2012.08.28"]

1. c4 g6 2. Nc3 Bg7 3. d4 Nf6 4. Nf3 O-O 5. g3 d6 6. Bg2 Nc6 7. O-O Rb8 8. h3 a6
9. e4 b5 10. e5 dxe5 11. dxe5 Qxd1 12. Rxd1 Nd7 13. e6 fxe6 14. cxb5 axb5 15.
Bf4 b4 16. Na4 Nde5 17. Nxe5 Nxe5 18. Rac1 Bd7 19. Nc5 Bc8 20. Nb3 Ba6 21. Nc5
Bc8 22. Re1 Rf5 23. Rcd1 Nf3+ 24. Bxf3 Rxc5 25. Rd8+ Kf7 26. b3 e5 27. Be3 Ra5
28. Rc1 e4 29. Bxe4 Bc3 30. Bf4 e5 31. Bd2 Ke7 32. Bg5+ Ke6 33. Rf8 Rc5 34. Rf6+
Kd7 35. Rf7+ Ke6 36. Re7+ Kd6 37. Rxh7 Ra5 38. Rh6 Rxa2 39. Bxg6 Be6 40. Bf7 1-0

[Event "40th Olympiad Open"]
[Site "Istanbul TUR"]
[Date "2012.08.31"]
[Round "4.46"]
[Board "2"]
[White "Arosemena, Jorge Luis"]
[Black "Goh, Wei Ming Kevin"]
[Result "0-1"]
[WhiteTitle "FM"]
[BlackTitle "IM"]
[WhiteElo "2092"]
[BlackElo "2437"]
[WhiteTeam "Panama"]
[BlackTeam "Singapore"]
[WhiteFideId "6600140"]
[BlackFideId "5800706"]
[EventDate "2012.08.28"]

1. e4 c5 2. Nf3 d6 3. d4 cxd4 4. Nxd4 Nf6 5. Nc3 g6 6. f4 Nbd7 7. Be2 Bg7 8. O-O
a6 9. Be3 O-O 10. Bf3 e5 11. Nde2 Qc7 12. f5 b5 13. g4 b4 14. Nd5 Nxd5 15. exd5
e4 16. Bxe4 Re8 17. Ng3 Nf6 18. Qf3 Nxe4 19. Nxe4 Qe7 20. fxg6 hxg6 21. Rae1
Qxe4 22. Qxf7+ Kh7 23. Rf3 Qxg4+ 24. Rg3 Rxe3 25. Rxe3 Qd1+ 26. Qf1 Qxd5 27. Qd3
Qxd3 28. Rxd3 Bf5 29. Rd2 Bxb2 30. Re3 Be5 0-1

[Event "40th Olympiad Open"]
[Site "Istanbul TUR"]
[Date "2012.08.31"]
[Round "4.46"]
[Board "3"]
[White "Shanmugam, Ravindran"]
[Black "Valdes, Rances"]
[Result "1-0"]
[WhiteTitle "IM"]
[BlackTitle "CM"]
[WhiteElo "2406"]
[BlackElo "2139"]
[WhiteTeam "Singapore"]
[BlackTeam "Panama"]
[WhiteFideId "5801770"]
[BlackFideId "6600239"]
[EventDate "2012.08.28"]

1. e4 c5 2. d3 Nc6 3. g3 e6 4. Bg2 g6 5. f4 Bg7 6. Nf3 Nge7 7. c3 d6 8. Be3 O-O
9. O-O b6 10. d4 Ba6 11. Re1 cxd4 12. cxd4 d5 13. e5 Rc8 14. Nc3 Na5 15. Qa4 b5
16. Nxb5 Rc4 17. b4 Qb8 18. Qxa5 Bxb5 19. a4 Bd7 20. b5 Nf5 21. Bf2 Rfc8 22.
Reb1 Bf8 23. g4 Ng7 24. Nd2 Rc2 25. Nb3 R8c3 26. Nc5 Qc8 27. Re1 Rxc5 28. dxc5
Bxc5 29. Bxc5 Qxc5+ 30. Kh1 h5 31. Qd8+ Be8 32. gxh5 Qf2 33. Rg1 Qxf4 34. hxg6
fxg6 35. Qf6 Nf5 36. Raf1 Qh6 37. Rf3 Qg7 38. Qxe6+ Bf7 39. Qf6 Qxf6 40. exf6
Nh4 41. Rf4 Nxg2 42. Rxg2 Rc1+ 43. Rg1 Rc2 44. h4 Kf8 45. Re1 Rd2 46. Re7 d4 47.
Rd7 Rd1+ 48. Kh2 Rd2+ 49. Kg3 Rd3+ 50. Kf2 Rd2+ 51. Ke1 1-0

[Event "40th Olympiad Open"]
[Site "Istanbul TUR"]
[Date "2012.08.31"]
[Round "4.46"]
[Board "4"]
[White "Aizpurua, Patrick"]
[Black "Fernandez, Daniel Howard"]
[Result "1/2-1/2"]
[WhiteTitle "CM"]
[BlackTitle "IM"]
[WhiteElo "2113"]
[BlackElo "2370"]
[WhiteTeam "Panama"]
[BlackTeam "Singapore"]
[WhiteFideId "6600522"]
[BlackFideId "5801605"]
[EventDate "2012.08.28"]

1. e4 c5 2. Nf3 e6 3. c3 Nc6 4. d4 cxd4 5. cxd4 Nf6 6. Nc3 d5 7. e5 Ne4 8. Bd3
Nxc3 9. bxc3 Be7 10. O-O Bd7 11. Rb1 Na5 12. Ne1 Qc7 13. Bd2 Nc4 14. Nc2 Nxd2
15. Qxd2 Rc8 16. Qe2 g6 17. Ne3 O-O 18. c4 dxc4 19. Bxc4 Rfd8 20. Qf3 Bc6 21. d5
exd5 22. Bxd5 Bxd5 23. Nxd5 Qxe5 24. Nxe7+ Qxe7 25. Rxb7 Rc7 26. Rxc7 Qxc7 27.
Rd1 Rxd1+ 28. Qxd1 h5 29. h4 Qc4 30. Qb1 a5 31. g3 a4 32. Qb2 Qd3 33. Kh2 Qf3
34. Qd2 a3 35. Qc2 Qf6 36. Kg2 Kg7 37. Qe4 Qd6 38. Qc4 Qe5 39. Kf1 Qb2 40. Kg2
Qb7+ 41. Kg1 Qb1+ 42. Kg2 Qb2 43. Kg1 Qb1+ 44. Kg2 1/2-1/2

[Event "40th Olympiad Open"]
[Site "Istanbul TUR"]
[Date "2012.08.31"]
[Round "4.47"]
[Board "1"]
[White "Zambrana, Oswaldo"]
[Black "Vorobjov, Pavel"]
[Result "1/2-1/2"]
[WhiteTitle "GM"]
[WhiteElo "2471"]
[BlackElo "2156"]
[WhiteTeam "Bolivia"]
[BlackTeam "Estonia"]
[WhiteFideId "3300200"]
[BlackFideId "4500989"]
[EventDate "2012.08.28"]

1. e4 c5 2. Nf3 d6 3. d4 cxd4 4. Nxd4 Nf6 5. Nc3 a6 6. Bg5 Nbd7 7. Qe2 e6 8.
O-O-O Be7 9. f4 Qc7 10. Nf3 e5 11. f5 b5 12. a3 Bb7 13. Kb1 Rc8 14. Bxf6 Nxf6
15. g4 Nxg4 16. Rg1 Nf6 17. Rxg7 Nh5 18. Rg1 Nf4 19. Qd2 Qb6 20. Rg4 b4 21. axb4
Qxb4 22. f6 Bxf6 23. Qxd6 Qxd6 24. Rxd6 Rxc3 25. bxc3 Ke7 26. Rb6 Bxe4 27. Ng5
Bd5 28. c4 Ba8 29. Bd3 h5 30. Rg1 e4 31. Bxe4 Bd4 32. Re1 Bxb6 33. Bxa8+ Kf6 34.
Ne4+ Kg6 35. Bc6 Rb8 36. Rf1 f5 37. Ka2 Ne2 38. Re1 Nd4 39. Rg1+ Kh6 40. Nd6
Nxc6 41. Nxf5+ Kh7 42. Rg7+ Kh8 43. Rg5 Nd4 44. Rxh5+ Kg8 45. Ne7+ Kg7 46. c5
Bd8 47. Nd5 Nxc2 48. Re5 Rb5 49. Nc3 Ra5+ 50. Kb3 Bf6 51. Rd5 Ra3+ 52. Kxc2
Rxc3+ 53. Kd2 a5 54. h4 a4 55. Rd7+ Kg6 56. Ra7 Rc4 57. c6 Bb2 58. Kd3 Rc3+ 59.
Kd4 a3 60. Kd5 Kf5 61. Rf7+ Kg4 62. Ra7 Kxh4 63. c7 Bc1 64. Ra4+ Kg5 65. Rc4
Rxc4 66. Kxc4 a2 67. c8=Q a1=Q 68. Qg8+ Kf5 69. Qh7+ Kg4 70. Qd7+ Kf3 71. Qd5+
Kg3 1/2-1/2

[Event "40th Olympiad Open"]
[Site "Istanbul TUR"]
[Date "2012.08.31"]
[Round "4.47"]
[Board "2"]
[White "Kukk, Sander"]
[Black "Gemy, Jose Daniel"]
[Result "0-1"]
[BlackTitle "FM"]
[WhiteElo "2173"]
[BlackElo "2345"]
[WhiteTeam "Estonia"]
[BlackTeam "Bolivia"]
[WhiteFideId "4502094"]
[BlackFideId "3301478"]
[EventDate "2012.08.28"]

1. e4 e6 2. Qe2 c5 3. Nf3 Nc6 4. g3 d6 5. Bg2 e5 6. c3 Nge7 7. O-O g6 8. d3 Bg7
9. Nbd2 O-O 10. a4 f5 11. exf5 gxf5 12. Nc4 h6 13. Rd1 Qc7 14. Nh4 d5 15. Na3
Be6 16. d4 cxd4 17. cxd4 e4 18. Nb5 Qd7 19. Bf4 a6 20. Nc7 Nxd4 21. Rxd4 Bxd4
22. Nxa8 Rxa8 23. Bxh6 Bf6 24. Bh3 Bf7 25. Bf4 Kh7 26. Kh1 Rg8 27. Rc1 Rc8 28.
Rg1 Rg8 29. Rc1 Rc8 30. Rg1 Qe6 31. Qd2 Rg8 32. Be3 Bh5 33. Ng2 Bf3 34. Rc1 d4
35. Bf4 Nd5 36. Kg1 Bg4 37. Bxg4 Rxg4 38. h3 Rg7 39. Bh6 Rf7 40. Nf4 Nxf4 41.
Bxf4 d3 42. h4 Qb3 43. Qa5 Bxb2 44. Rc7 Bg7 45. Rxf7 Qxf7 46. Qd8 b5 47. axb5
axb5 48. Qb6 Qe8 49. Bd2 Kg8 50. Kh2 Qd7 51. h5 Qe8 52. h6 Bf8 53. Kg2 Kh7 54.
Qb7+ Qe7 55. Qxb5 Qe6 56. Qb7+ Kg6 57. h7 Bg7 58. Be3 Qf6 59. Qd7 Kxh7 60. Qe8
Bh6 61. Qh5 Qg6 62. Qh3 Kg7 63. Bxh6+ Qxh6 64. Qxf5 Qg6 65. Qd7+ Kh6 66. Qd8 Qc6
67. Kh2 Kg6 68. Qd4 Kf5 69. Kh3 Qh6+ 70. Kg2 Qc6 71. Kh3 Ke6 72. Qd8 Qd7 73.
Qb6+ Ke5+ 74. g4 d2 75. Qb2+ Qd4 76. Qb8+ Ke6 77. Qe8+ Kd6 78. Qd8+ Kc5 79. Qa5+
Kc4 80. Qa6+ Kb3 81. Qb5+ Kc2 0-1